| 000 | 00669nam a2200229 a 4500 | ||
|---|---|---|---|
| 001 | BRCA_7674 | ||
| 005 | 20190320205935.0 | ||
| 008 | 150813s1956----gw-#######---#000-0#ger-# | ||
| 041 | _ager | ||
| 044 | _agw | ||
| 050 | 4 |
_aHG151 _b.R65 1956 |
|
| 100 | 1 |
_aRolf Lerche, Mario _918943 |
|
| 245 | 1 | 0 |
_aDeutsch-Spanisches Glossarium finanzieller und wirtschaftlicher Fachausdrucke _cvon Mario Rolf Lerche. |
| 260 |
_aFrankfurt _bF. Knapp _c1959 |
||
| 300 |
_a239 p. _c19 cm. |
||
| 500 | _aU11 | ||
| 650 | 1 | 4 |
_aFinanzas _vDiccionarios _918944 |
| 650 | 1 | 4 |
_aEconomÃa _vDiccionarios _918945 |
| 650 | 1 | 4 |
_aEnciclopedias y diccionarios _99441 |
| 902 | _aGFM | ||
| 942 |
_2lcc _cB |
||
| 999 |
_c7348 _d7348 |
||